| 000 | 01494nam a2200481 a 4500 | ||
|---|---|---|---|
| 001 | UByD002484 | ||
| 003 | AR-LpoUNG | ||
| 005 | 20240306110816.0 | ||
| 008 | 240306s2012||||ag |||||||||||||||||spa d | ||
| 020 | _a9789500520386 | ||
| 040 |
_aAR-LpoUNG _bspa _cAR-LpoUNG _eaacr |
||
| 041 | _aspa | ||
| 044 | _aag | ||
| 082 | 0 | _a334.01 41emp | |
| 100 | 1 |
_aElgue, Mario César _ecomp. |
|
| 245 | 1 | 0 |
_aEmprendedores en red : _bel asociativismo productivo y el desarrollo local |
| 260 |
_aBuenos Aires : _bCorregidor, _c2012. |
||
| 300 |
_a268 p. : _btbls., gráfs. |
||
| 520 | _aReflexiona sobre el poder y la importancia de generar trabajo en red, abordando distintas experiencias de desarrollo local asociativo, encuadradas en el marco de la economía social. | ||
| 650 | 4 | _aCOOPERATIVISMO | |
| 650 | 4 | _aCOOPERATIVAS | |
| 650 | 4 | _aDESARROLLO ECONOMICO | |
| 650 | 4 | _aINDUSTRIALIZACION | |
| 650 | 4 | _aASPECTOS ECONOMICOS | |
| 650 | 4 | _aCOOPERATIVAS AGRICOLAS | |
| 650 | 4 | _aCONDICIONES ECONOMICAS | |
| 650 | 4 | _aDESARROLLO LOCAL | |
| 650 | 4 | _aECONOMIA | |
| 650 | 4 | _aREDES | |
| 650 | 4 | _aSECTOR INFORMAL | |
| 653 | 0 | _aECONOMIA SOCIAL | |
| 700 | 1 |
_aGaretto, Carlos _epról. |
|
| 700 | 1 | _aBenso, Domingo | |
| 700 | 1 | _aBertolini, Gustavo | |
| 700 | 1 | _aCarreras, Oscar | |
| 700 | 1 | _aFavre, Adrián | |
| 700 | 1 | _aFontenla, Eduardo | |
| 700 | 1 | _aGarcía, Ariel | |
| 700 | 1 | _aLapegna, Víctor | |
| 700 | 1 | _aLombardo, Patricia | |
| 905 | _a37560 | ||
| 942 |
_cLIB _2ddc |
||
| 999 |
_c65007 _d65007 |
||